Geography Quiz

Random Geography or State Quiz

2-State Combos Quiz Stats

 Plays Quiz Updated Jan 24, 2016

Also try: Country Hybrids
Challenge
Share
Tweet
Score 0/20 Timer 04:00
3 Plays Today
Picture Combo % Correct
4California and Nevada
86.2%
2Alabama and Mississippi
85.1%
15Nevada and Utah
84.7%
3New York and Massachusetts
82.5%
11Illinois and Indiana
82.3%
5Virginia and West Virginia
81.9%
13Kentucky and Tennessee
80.1%
8Oregon and Washington
78.8%
1Colorado and Utah
78.1%
10Idaho and Montana
75.6%
Picture Combo % Correct
9New Jersey and Pennsylvania
73%
7Kansas and Oklahoma
72.8%
19Ohio and West Virginia
70.9%
18Minnesota and Wisconsin
69.6%
17Arizona and New Mexico
67.7%
14Arkansas and Missouri
62.6%
16Nebraska and Wyoming
59.7%
12Georgia and South Carolina
57.1%
6New Hampshire and Vermont
54.2%
20North Dakota and South Dakota
48.9%

You're not logged in!

Compare scores with friends on all Sporcle quizzes.
OR
Log In

You Might Also Like...

Show Comments

Extras

Top Quizzes Today


Score Distribution

Your Account Isn't Verified!

In order to create a playlist on Sporcle, you need to verify the email address you used during registration. Go to your Sporcle Settings to finish the process.

Report this User

Report this user for behavior that violates our Community Guidelines.

Details: